000 00953nam a2200253 i 4500
001 bg
100 1 _aGołębiowski, Jerzy
_d(1953- ).
245 1 0 _aMatematyczne modelowanie wybranych zagadnień teorii pola temperaturowego /
_cJerzy Gołębiowski.
260 _aBiałystok :
_bWydawnictwa PB,
_c1996.
300 _a178 s. :
_brys. (w tym kolor.), wykr. ;
_c23 cm.
490 1 _aRozprawy Naukowe / [Politechnika Białostocka],
_x0867-096X ;
_vnr 34
504 _aBibliogr. s. 168-176. - Rez., summ.
650 9 _aElektrometalurgia
_xzagadnienia
650 9 _aElektrotechnika
_xzagadnienia
650 9 _aElektrotermia
_xzagadnienia
650 9 _aModele matematyczne
_xstosowanie
_xtechnika
650 9 _aTermodynamika techniczna
_xzagadnienia
830 0 _aRozprawy Naukowe ([Politechnika Białostocka]) ;
_vnr 34
040 _cBPK
041 0 _apl
_benru
080 _a621.365:536]::51
942 _cKS
008 s pl f |000 0 pol
999 _c31015
_d31015
856 _uhttp://koha.tu.koszalin.pl/cgi-bin/koha/opac-detail.pl?biblionumber=31015
_yKatalog online BPK